000 00222 a2200097 4500
001 19995
100 _aHussain, J T
245 _aFundamentals of physics (Vol-II)
260 _a
_bQaum Kutub Khana
_c
090 _c14594
_d14594
942 _aNUST-CAE
_cM
_c5107
999 _c255068
_d255068